<?xml version="1.0" encoding="UTF-8"?>
<record
    xmlns:xsi="http://www.w3.org/2001/XMLSchema-instance"
    xsi:schemaLocation="http://www.loc.gov/MARC21/slim http://www.loc.gov/standards/marcxml/schema/MARC21slim.xsd"
    xmlns="http://www.loc.gov/MARC21/slim">

  <leader>00775cam a2200253 a 4500</leader>
  <controlfield tag="001">TB11989</controlfield>
  <controlfield tag="003">IN-BhIIT</controlfield>
  <controlfield tag="005">20251103175545.0</controlfield>
  <controlfield tag="008">940408s1995    nyua     b    001 0 eng  </controlfield>
  <datafield tag="020" ind1=" " ind2=" ">
    <subfield code="a">9780471310433 (HB)</subfield>
  </datafield>
  <datafield tag="040" ind1=" " ind2=" ">
    <subfield code="a">IN-BhIIT</subfield>
  </datafield>
  <datafield tag="041" ind1=" " ind2=" ">
    <subfield code="a">eng</subfield>
  </datafield>
  <datafield tag="082" ind1="0" ind2="0">
    <subfield code="a">620.11233</subfield>
    <subfield code="b">KHA/C</subfield>
  </datafield>
  <datafield tag="100" ind1="1" ind2=" ">
    <subfield code="a">Khan, Akhtar S.</subfield>
    <subfield code="e">Author</subfield>
    <subfield code="9">24948</subfield>
  </datafield>
  <datafield tag="245" ind1="1" ind2="0">
    <subfield code="a">Continuum theory of plasticity /</subfield>
    <subfield code="c">by Akhtar S. Khan, Sujian Huang.</subfield>
  </datafield>
  <datafield tag="260" ind1=" " ind2=" ">
    <subfield code="a">New York :</subfield>
    <subfield code="b">Wiley,</subfield>
    <subfield code="c">c1995.</subfield>
  </datafield>
  <datafield tag="300" ind1=" " ind2=" ">
    <subfield code="a">x, 421 p. :</subfield>
    <subfield code="b">ill. ;</subfield>
    <subfield code="c">25 cm.</subfield>
  </datafield>
  <datafield tag="500" ind1=" " ind2=" ">
    <subfield code="a">"A Wiley-Interscience publication."</subfield>
  </datafield>
  <datafield tag="504" ind1=" " ind2=" ">
    <subfield code="a">Includes bibliographical references and index.</subfield>
  </datafield>
  <datafield tag="650" ind1=" " ind2="0">
    <subfield code="a">Plasticity.</subfield>
    <subfield code="9">3744</subfield>
  </datafield>
  <datafield tag="650" ind1=" " ind2="0">
    <subfield code="a">Continuum mechanics.</subfield>
    <subfield code="9">26632</subfield>
  </datafield>
  <datafield tag="700" ind1="1" ind2=" ">
    <subfield code="a">Huang, Sujian.</subfield>
    <subfield code="e">Joint author</subfield>
    <subfield code="9">24949</subfield>
  </datafield>
  <datafield tag="942" ind1=" " ind2=" ">
    <subfield code="c">TB</subfield>
    <subfield code="0">1</subfield>
  </datafield>
  <datafield tag="999" ind1=" " ind2=" ">
    <subfield code="c">14525</subfield>
    <subfield code="d">14525</subfield>
  </datafield>
  <datafield tag="952" ind1=" " ind2=" ">
    <subfield code="0">0</subfield>
    <subfield code="1">0</subfield>
    <subfield code="2">ddc</subfield>
    <subfield code="4">0</subfield>
    <subfield code="7">0</subfield>
    <subfield code="8">SMS</subfield>
    <subfield code="a">CLIITBBS</subfield>
    <subfield code="b">CLIITBBS</subfield>
    <subfield code="d">2024-12-09</subfield>
    <subfield code="e">21</subfield>
    <subfield code="g">11269.24</subfield>
    <subfield code="l">0</subfield>
    <subfield code="o">620.11233 KHA/C</subfield>
    <subfield code="p">TB11989</subfield>
    <subfield code="r">2024-12-09 00:00:00</subfield>
    <subfield code="v">15437.32</subfield>
    <subfield code="w">2024-12-09</subfield>
    <subfield code="y">TB</subfield>
  </datafield>
  <datafield tag="952" ind1=" " ind2=" ">
    <subfield code="0">0</subfield>
    <subfield code="1">0</subfield>
    <subfield code="2">ddc</subfield>
    <subfield code="4">0</subfield>
    <subfield code="7">0</subfield>
    <subfield code="8">SMS</subfield>
    <subfield code="a">CLIITBBS</subfield>
    <subfield code="b">CLIITBBS</subfield>
    <subfield code="d">2024-12-09</subfield>
    <subfield code="e">21</subfield>
    <subfield code="g">11269.24</subfield>
    <subfield code="l">0</subfield>
    <subfield code="o">620.11233 KHA/C</subfield>
    <subfield code="p">TB11991</subfield>
    <subfield code="r">2024-12-09 00:00:00</subfield>
    <subfield code="v">15437.32</subfield>
    <subfield code="w">2024-12-09</subfield>
    <subfield code="y">TB</subfield>
  </datafield>
  <datafield tag="952" ind1=" " ind2=" ">
    <subfield code="0">0</subfield>
    <subfield code="1">0</subfield>
    <subfield code="2">ddc</subfield>
    <subfield code="4">0</subfield>
    <subfield code="7">0</subfield>
    <subfield code="8">SMS</subfield>
    <subfield code="a">CLIITBBS</subfield>
    <subfield code="b">CLIITBBS</subfield>
    <subfield code="d">2024-12-09</subfield>
    <subfield code="e">21</subfield>
    <subfield code="g">11269.24</subfield>
    <subfield code="l">1</subfield>
    <subfield code="o">620.11233 KHA/C</subfield>
    <subfield code="p">TB11990</subfield>
    <subfield code="r">2026-01-14 09:57:34</subfield>
    <subfield code="s">2025-11-03</subfield>
    <subfield code="v">15437.32</subfield>
    <subfield code="w">2024-12-09</subfield>
    <subfield code="y">TB</subfield>
  </datafield>
  <datafield tag="952" ind1=" " ind2=" ">
    <subfield code="0">0</subfield>
    <subfield code="1">0</subfield>
    <subfield code="2">ddc</subfield>
    <subfield code="4">0</subfield>
    <subfield code="7">0</subfield>
    <subfield code="8">SMS</subfield>
    <subfield code="a">CLIITBBS</subfield>
    <subfield code="b">CLIITBBS</subfield>
    <subfield code="d">2024-12-09</subfield>
    <subfield code="e">21</subfield>
    <subfield code="g">11269.24</subfield>
    <subfield code="l">0</subfield>
    <subfield code="o">620.11233 KHA/C</subfield>
    <subfield code="p">TB11992</subfield>
    <subfield code="r">2024-12-09 00:00:00</subfield>
    <subfield code="v">15437.32</subfield>
    <subfield code="w">2024-12-09</subfield>
    <subfield code="y">TB</subfield>
  </datafield>
</record>
